000 00397nam a2200133Ia 4500
008 231017s9999 xx 000 0 und d
082 _a383.779
082 _bWIL
245 0 _aCosting individual railroad movements
245 0 _cFederal railroad administration department transportation
260 _bFederal railroad administration department transportation
300 _c30cm
942 _cREP
999 _c605249
_d605249